| 000 | 00428nam a22001457a 4500 | ||
|---|---|---|---|
| 082 | _aP651 | ||
| 100 |
_aCapt Ummar Farooq _950975 |
||
| 245 | _aQuantifying the accessibility of public transport in peshawar | ||
| 260 |
_aRisalpur, _bMCE, _c2016. |
||
| 300 |
_a88p. _bill. _c26cm. |
||
| 526 |
_a0 _b0 _c0 _dP_651_000000000000000 |
||
| 526 |
_a0 _b0 _c0 _dP_651_000000000000000 |
||
| 700 |
_aLt Col Dr Anwarr _950976 |
||
| 942 |
_2ddc _cBK |
||
| 999 |
_c553716 _d553716 |
||